00460nam a2200157Ia 4500020001800000082001600018245005400034260003900088300001000127504001900137650003600156650003000192650002000222650003200242700002800274 a81-7648-149-1 a954.04 FIF; 0aFifty years of Indian independence and the polity aNew DelhibA.P.H. Publishingc2000 a249p. aIncludes index aIndia - Politics and government aIndia - Social conditions aIndia - History aIndia - Economic conditions aSastry, T. Suryanarayan